00393nam a2200109Ia 4500008004100000100002300041245010300064500005400167650003800221942000700259999001700266181011s9999 xx 000 0 und d aJohnson A. Mbillah 0aTowards Peace and reconciliation between christians and muslims in africa: The procruma initiative aJournal of Henry Martyn Institute July - Dec 2002 aInterfaith Relations and Dialogue cBR c21897d21897